000 01308nam a2200325 a 4500
001 ebr10330173
003 CaPaEBR
006 m u
007 cr cn|||||||||
008 070214s2008 njuab sb 001 0 eng
010 _z 2007006540
020 _z9780471788980 (cloth : alk. paper)
020 _z0471788988 (cloth : alk. paper)
040 _aCaPaEBR
_cCaPaEBR
035 _a(OCoLC)460904160
050 1 4 _aD644
_b.A49 2008eb
082 0 4 _a940.3/142
_222
100 1 _aAndelman, David.
245 1 2 _aA shattered peace
_h[electronic resource] :
_bVersailles 1919 and the price we pay today /
_cDavid A. Andelman.
260 _aHoboken, N.J. :
_bJ. Wiley,
_cc2008.
300 _ax, 326 p. :
_bill., maps.
504 _aIncludes bibliographical references (p. 304-312) and index.
533 _aElectronic reproduction.
_bPalo Alto, Calif. :
_cebrary,
_d2013.
_nAvailable via World Wide Web.
_nAccess may be limited to ebrary affiliated libraries.
611 2 0 _aParis Peace Conference
_d(1919-1920)
630 0 0 _aTreaty of Versailles
_d(1919)
650 0 _aWorld War, 1914-1918
_xPeace.
655 7 _aElectronic books.
_2local
710 2 _aebrary, Inc.
856 4 0 _uhttp://site.ebrary.com/lib/rucke/Doc?id=10330173
_zAn electronic book accessible through the World Wide Web; click to view
999 _c50672
_d50672